000 00559nam a2200181Ia 4500
003 GCL
008 140319s9999 xx 000 0 ara d
040 _aGCL /
_cGCL
082 0 4 _aق
_b953.07393
_bع م
100 1 _aعبدالرحمن زكى
245 1 0 _aمعركة المنصورة : واثرها فى الحروب الصليبية /
_cعبدالرحمن زكى
300 _a164 ص
490 _a
650 0 4 _aالحروب الصليبية
650 0 4 _aالتاريخ الاسلامى
650 0 4 _aالمنصورة - تاريخ
942 _2ddc
_cBK
999 _c45857
_d45857